Country Names in English (Anglam) - Statistics

General Stats
  • This quiz has been taken 3 times
  • The average score is 7 of 11
Answer Stats
Hint Answer % Correct
Perrasoo Deshum France
100%
Cambodger Rodgeyum Cambodia
67%
Sharmunnier Deshum Germany
67%
Parshickum Iran
67%
Brummer Deshum Myanmar
67%
Boodotherkeechoo Deshum Portugal
67%
Spunner Deshum Spain
67%
Turshcom Turkey
67%
Sumyuckter Rodgeyum United Kingdom
67%
Sumyuckter Roshtraloo United States
67%
Yowner Deshum Greece
33%
No matching quizzes found
Score Distribution
Percent of People with Each Score
Percentile by Number Answered
Your Score History
You have not taken this quiz